Estatísticas para Sedes dos Jogos Pan-Americanos

Clique aqui para jogar o quiz

Estatísticas Gerais

  • Esse quiz foi jogado 50 vezes
  • A pontuação média é 15 de 19

Estatísticas das Respostas

AnoPaísLocal% Correto
1951ArgentinaCidade Autônoma de Buenos Aires
100%
2019PeruLima
100%
2007BrasilRio de Janeiro
100%
1955 | 1975MéxicoCidade do México
98%
2023ChileSantiago
98%
1963BrasilSão Paulo
95%
1983VenezuelaCaracas
93%
1991CubaHavana
93%
2003República DominicanaSanto Domingo
88%
2011MéxicoGuadalajara
88%
2015CanadáToronto
86%
1971ColômbiaCali
67%
1959Estados UnidosChicago
64%
1967 | 1999CanadáWinnipeg
62%
1979Porto RicoSan Juan
57%
1995ArgentinaMar Del Plata
50%
1987Estados UnidosIndianápolis
36%

Distribuição das Pontuações

Percentil de Números Respondidos

Porcentagem de Pessoas com Cada Pontuação

Sua Pontuação Histórica

Você não jogou esse quiz